| 000 | 01092cam a2200325 i 4500 | ||
|---|---|---|---|
| 999 |
_c7729 _d7729 |
||
| 001 | 991060927527706706 | ||
| 003 | OSt | ||
| 005 | 20230516100041.0 | ||
| 008 | 230222e202211 spcb || ||||| ||||0 cat| ---|c | ||
| 015 |
_aLL2023 _2bnc |
||
| 017 |
_aDL B 20401-2022 _bBibllioteca de Catalunya |
||
| 020 | _a9788419007469 | ||
| 040 |
_aES-BaUB _bcat _erda _cCDMR _dCDMR |
||
| 043 | _ae-pl--- | ||
| 080 |
_a341.485 _x(=411.16) _x(438) _x"1939/1945" _22004 |
||
| 080 |
_a94 _x(=411.16:438) _x(438) _x"19" _22004 |
||
| 100 | 1 | _aSerrano, David, | |
| 245 | 1 | 0 |
_aJedwabne : _buna història universal / _cDavid Serrano Blanquer |
| 264 | 1 |
_aBarcelona : _bBase, _c2022 |
|
| 300 |
_a347 pàgines : _bmapa il·lustrat ; _c24 cm |
||
| 490 | 1 |
_aBase històrica ; _v186 |
|
| 504 | _aNotes | ||
| 650 | 7 |
_aHolocaust Jueu (1939-1945) _zPolònia _zJedwabne. _2lemac |
|
| 650 | 7 |
_aJueus _zPolònia _zJedwabne _xHistòria _yS. XX. _2lemac |
|
| 650 | 7 |
_aGuerra Mundial II, 1939-1945 _xJueus _zPolònia _zJedwabne. _2lemac |
|
| 830 | 0 |
_aBase històrica ; _v186 |
|
| 908 |
_aUB _aURL _aBC _aUPF |
||
| 940 | _aUB | ||
| 942 |
_2udc _cMON |
||